Школьная программа по литературе - Statistics

General Stats
  • This quiz has been taken 240 times
  • The average score is 10 of 15
Answer Stats
автор произведения % Correct
Александр Пушкин Евгений Онегин / Капитанская дочка / Руслан и Людмила / Сказки
93%
Лев Толстой Война и мир / Хаджи-Мурат / Казаки / Филипок
92%
Николай Гоголь Ревизор / Мёртвые души / Петербургские повести / Тарас Бульба
88%
Иван Тургенев Записки охотника / Отцы и дети / Муму
87%
Михаил Булгаков Мастер и Маргарита / Собачье сердце
78%
Уильям Шекспир Ромео и Джульетта / Король Лир
75%
Михаил Лермонтов Мцыри / Герой нашего времени / Парус / Демон / Вадим
75%
Александр Грибоедов Горе от ума
71%
Антон Чехов Ванька / Вишнёвый сад / Дуэль / Палата № 6 / Маленькая трилогия
58%
Денис Фонвизин Недоросль
56%
Александр Куприн Гранатовый браслет / Поединок / Яма
55%
Николай Карамзин Бедная Лиза
50%
Александр Твардовский Василий Тёркин
36%
Иван Бунин Господин из Сан-Франциско / Тёмные аллеи
30%
Михаил Салтыков-Щедрин Господа Головлёвы / История одного города
25%
No matching quizzes found
Score Distribution
Percent of People with Each Score
Percentile by Number Answered
Your Score History
You have not taken this quiz